Lippincotts Illustrated reviews pharmacology (Record no. 10634)
| 000 -LEADER | |
|---|---|
| fixed length control field | 00241nam a2200109Ia 4500 |
| 100 ## - MAIN ENTRY--AUTHOR NAME | |
| Personal name | Harvey Richard A |
| 245 #0 - TITLE STATEMENT | |
| Title | Lippincotts Illustrated reviews pharmacology |
| 250 ## - EDITION STATEMENT | |
| Edition statement | 5th ED |
| 260 ## - PUBLICATION, DISTRIBUTION, ETC. (IMPRINT) | |
| Year of publication | 2012 |
| 650 ## - SUBJECT ADDED ENTRY--TOPICAL TERM | |
| Topical Term | Pharmacology |
| 942 ## - ADDED ENTRY ELEMENTS (KOHA) | |
| Koha item type | Books |
| Withdrawn status | Lost status | Permanent Location | Current Location | Date acquired | Accession Number | Koha item type |
|---|---|---|---|---|---|---|
| Central Library Main Campus PUMHSW Nawabshah (SBA) | Reference Section (PUMHS Central Library) | 2019-02-16 | 36234 Ref | Books |